Epic the Musical: Legendary - Statistics

General Stats
  • This quiz has been taken 876 times
  • The average score is 303 of 381
Answer Stats
Hint Answer % Correct
i
99%
Antinous: I
99%
a
98%
l-
98%
and
97%
and-
97%
be
97%
it
96%
me
96%
my
96%
you
96%
just
95%
the
95%
who
94%
in
93%
Telemachus: it's
93%
its
93%
legendary
93%
are
92%
give
92%
myself
92%
to
92%
but
91%
cyclops
91%
fight
91%
of
91%
win
91%
if
90%
i'll
90%
is
90%
so
90%
bedroom
89%
monster
89%
stuck
89%
your
89%
he
88%
know
88%
this
88%
life
87%
men
87%
sirens
87%
wanna
87%
no
86%
scary
86%
with
86%
left
85%
hydra
84%
these
84%
behind
83%
find
83%
find?
83%
some
83%
too
83%
world
83%
fate
82%
get
82%
monsters
82%
boy
81%
Antinous: Boy!
81%
far
81%
i'm
81%
or
81%
sign
81%
stories
81%
then
81%
clue
80%
dead
80%
that
80%
you're
80%
all
79%
call
79%
even
79%
livin
79%
somebody
79%
come
78%
idea
78%
never
77%
cause
76%
do
76%
dreamin
76%
minotaur
76%
mom
76%
harpies
75%
cerberus
74%
giants
74%
she
74%
tell
74%
we
74%
can
73%
standing
73%
there
73%
could
72%
heart
72%
those
72%
strangers
71%
tall
70%
Suitors: where
70%
wish
70%
light
69%
our
69%
trying
68%
bring
67%
small
66%
chimeras
65%
halls
65%
they
64%
faces
63%
man
63%
have
61%
keep
60%
strong
60%
108
59%
as
59%
dangerous
59%
getting
59%
help
59%
old
59%
would
57%
oh-
56%
oh
56%
they're
56%
half
55%
impatient
55%
mother
55%
them
55%
tramp
53%
was
53%
longer
51%
much
51%
not
51%
stall
51%
strength
51%
don't
50%
safe
50%
gonna
48%
twenty
48%
years
48%
her
47%
takin
47%
takes
46%
whatever
46%
wife
46%
been
45%
husband
45%
new
45%
space
45%
choose
41%
open
41%
still
41%
fun
40%
king
40%
when's
40%
Antinous: why
40%
did
39%
room
39%
about
37%
chance
36%
single
36%
who'll
36%
you'll
36%
champ?
35%
opportunity
35%
spend
35%
whom
35%
overcome
30%
obstacles
29%
scrutiny
25%
woah
24%
whatcha
23%
your life
11%
dear
5%
No matching quizzes found
Score Distribution
Percent of People with Each Score
Percentile by Number Answered
Your Score History
You have not taken this quiz